00368nam a2200157Ia 450000100060000000300040000600500170001000800410002702000070006804000130007508200220008824500320011026000490014230000120019154600070020362028OSt20220119122531.0141119s9999 xx 000 0 und d aNA cPK-LaUMT a 346.00264PbCIV- aCivil law cases [CLC, 2012] aLahore,Pakistan:bThe Civil Law Cases,c2012 a2004 p. aEN